<Die> Weltwirtschaft Vierteljahresschrift des Instituts für Weltwirtschaft an der Universität Kiel

Gespeichert in:
Bibliographische Detailangaben
Format: Schriftenreihe
Sprache:Deutsch
Veröffentlicht: Tübingen J.C.B.Mohr (Paul Siebeck) 1999
Schlagworte:
Tags: Tag hinzufügen
Keine Tags, Fügen Sie das erste Tag hinzu!

MARC

LEADER 00000nas2a2200000 4500
001 s124193
005 20231103122534.0
022 |a 0043-2652 
041 0 |a ger 
044 |a DE 
245 1 0 |a <Die> Weltwirtschaft  |b Vierteljahresschrift des Instituts für Weltwirtschaft an der Universität Kiel 
264 1 |a Tübingen  |b J.C.B.Mohr (Paul Siebeck)  |c 1999 
300 |a 1 zv. 
773 0 |w eu_un_cat*s120288 
610 2 0 |a hospodárstvo svetové 
610 2 0 |a politika hospodárska